América Latina después del rally electoral 2005-2006: algunas tendencias y datos sobresalientes /
Uloženo v:
| Hlavní autor: | |
|---|---|
| Médium: | Text |
| Témata: | |
| Tagy: |
Přidat tag
Žádné tagy, Buďte první, kdo vytvoří štítek k tomuto záznamu!
|
MARC
| LEADER | 00000 a a2200000 04500 | ||
|---|---|---|---|
| 001 | 41848 | ||
| 003 | |||
| 040 | |||
| 100 | |a Zovatto, Daniel | ||
| 245 | |a América Latina después del rally electoral 2005-2006: algunas tendencias y datos sobresalientes / |c Daniel Zovatto | ||
| 650 | |a rDESARROLLO POLITICO/ELECCIONES/AMERICA LATINA/DEMOCRACIA | ||
| 773 | |g número207 (eneero-febrero , 2007), páginas 23-33 | ||
| 999 | |c 34373 |d 34373 | ||
